=LDR 00000nam 2200000 4500 =001 NUTBA000000000005364 =005 20141028150117.0 =006 =007 =008 =035 ##$$a 0010-101400000000594 =040 ##$$a NBPDMAT =082 ##$$a 372.8 =090 ##$$a 372.8 $b Jul l =100 ##$$a Juliagar =245 ##$$a LKS utama IPS untuk kelas 6 semester 2 / $c penyusun Juliagar =250 ##$$a Cet.111 =260 ##$$a Jakarta : $b Pustaka Widya Utama, $c 2010 =300 ##$$a 80 hlm. : $b ilus. ; $c 29 cm. =650 ##$$a IPS - SD - Soal dan Latihan =850 ##$$a NBPDMAT